BIBLIOTECA

SENCICO

Estilos del mueble / (Registro nro. 3716)

Detalles MARC
000 -LEADER
fixed length control field 00953nam a22002897a 4500
003 - CONTROL NUMBER IDENTIFIER
control field PE SENCICO BE
005 - DATE AND TIME OF LATEST TRANSACTION
control field 20251020182623.0
008 - FIXED-LENGTH DATA ELEMENTS--GENERAL INFORMATION
fixed length control field 221221b |||||||| |||| 00| 0 eng d
020 ## - INTERNATIONAL STANDARD BOOK NUMBER
International Standard Book Number 84-329-5505-1
040 ## - CATALOGING SOURCE
Original cataloging agency PE SENCICO BE
Transcribing agency PE SENCICO BE
041 ## - LANGUAGE CODE
Language code of text/sound track or separate title spa
082 ## - DEWEY DECIMAL CLASSIFICATION NUMBER
Classification number 749
Item number E
245 ## - TITLE STATEMENT
Title Estilos del mueble /
Statement of responsibility, etc. Fernando Alvarez Vidorreta, Joaquín Cadena Portal, Juan de Cusa Ramos ...[y otros]
250 ## - EDITION STATEMENT
Edition statement 6a ed.
260 ## - PUBLICATION, DISTRIBUTION, ETC.
Place of publication, distribution, etc. Barcelona:
Name of publisher, distributor, etc. Ediciones Ceac,
Date of publication, distribution, etc. 1984
300 ## - PHYSICAL DESCRIPTION
Extent 456 p. :
Other physical details il., fotog. ;
Dimensions 27 cm.
440 1# - SERIES STATEMENT/ADDED ENTRY--TITLE
9 (RLIN) 330
Title Biblioteca básica de decoración
650 14 - SUBJECT ADDED ENTRY--TOPICAL TERM
9 (RLIN) 239
Topical term or geographic name entry element Muebles
650 24 - SUBJECT ADDED ENTRY--TOPICAL TERM
9 (RLIN) 240
Topical term or geographic name entry element Muebles clásicos
650 24 - SUBJECT ADDED ENTRY--TOPICAL TERM
9 (RLIN) 239
Topical term or geographic name entry element Muebles
General subdivision Historia
700 1# - ADDED ENTRY--PERSONAL NAME
9 (RLIN) 331
Personal name Alvarez Vidorreta, Fernando
Relator term autor
700 1# - ADDED ENTRY--PERSONAL NAME
9 (RLIN) 332
Personal name Cadena Portal, Joaquin
Relator term autor
700 1# - ADDED ENTRY--PERSONAL NAME
9 (RLIN) 333
Personal name De Cusa Ramos, Juan
Relator term autor
910 ## - USER-OPTION DATA (OCLC)
-- hfp
-- hfp
942 ## - ADDED ENTRY ELEMENTS (KOHA)
Source of classification or shelving scheme Dewey Decimal Classification
Koha item type Libros
Edition 1984
Classification part 749
Item part E
Existencias
Fecha de la última vez que lo usaron Número de ingreso o de inventario Pago total Signatura topográfica completa Precio efectivo desde Tipo de documento Estado perdido Sistema de clasificación Estado dañado No es para préstamo Retirado Ubicación permanente Ubicación actual Fecha de adquisición
21/12/2022 16464   749/E/1984 21/12/2022 Libros   Dewey Decimal Classification       Biblioteca Central Lima Biblioteca Central Lima 21/12/2022